[Event "43rd Guernsey Festival 2017"]
[Site "Vale"]
[Date "2017.10.20"]
[Round "6"]
[White "Kirby, Peter J"]
[Black "Curtis, John E"]
[Result "1/2-1/2"]
[WhiteElo "1996"]
[BlackElo "2093"]
[Annotator "NA RC"]
[PlyCount "23"]
[EventDate "2017.??.??"]
[EventType "swiss"]
[EventCountry "GCI"]
[SourceTitle "playchess.com"]
[Source "ChessBase"]
[SourceQuality "1"]
[TimeControl "40/6000+30:2400+30"]

{[%evp 8,19,19,13,29,32767,32767,32767,32767,32767,32767,32767,32767,0]} 1. d4 {[%emt 0:00:00]} d5 {[%emt 0:00:25]} 2. c4 {[%emt 0:00:39]} c6 {[%emt 0:01:35]} 3. cxd5 {[%emt 0:01:12]} cxd5 {[%emt 0:00:34]} 4. Nf3 {[%emt 0:01:00]} Nc6 {[%emt 0:02:19]} 5. Nc3 {[%emt 0:02:52]} Nf6 {[%emt 0:01:06]} 6. Bf4 {[%emt 0:03:00]} Bf5 {[%emt 0:00:46]} 7. e3 {[%emt 0:02:25]} e6 {[%emt 0:02:23]} 8. Bd3 {[%emt 0:01:08]} Bxd3 {[%emt 0:01:16]} 9. Qxd3 {[%emt 0:00:13]} Bd6 {[%emt 0:01:16]} 10. Bxd6 $11 {[%emt 0:02:53]} Qxd6 {[%emt 0:00:05]} 11. O-O {[%emt 0:02:24]} O-O {[%emt 0:01:11]} 12. Rac1 {[%emt 0:00:42]} 1/2-1/2

[Event "43rd Guernsey Festival 2017"]
[Site "Vale"]
[Date "2017.10.20"]
[Round "6"]
[White "Sedgwick, David"]
[Black "Dilleigh, Stephen P"]
[Result "1-0"]
[WhiteElo "1972"]
[BlackElo "2063"]
[Annotator "NA RC"]
[PlyCount "41"]
[EventDate "2017.??.??"]
[EventType "swiss"]
[EventCountry "GCI"]
[SourceTitle "playchess.com"]
[Source "ChessBase"]
[SourceQuality "1"]
[TimeControl "40/6000+30:2400+30"]

{[%evp 8,41,1,3,13,10,-5,-24,-15,-17,-13,-30,-19,-22,32,16,14,0,16,-8,0,-10,-10,32767,-15,-37,-16,-40,-37,-41,-14,-17,-13,-15,-16,-20]} 1. e4 {[%emt 0:02:41]} e6 {[%emt 0:00:10]} 2. d4 {[%emt 0:00:23]} d5 {[%emt 0:00:09]} 3. exd5 {[%emt 0:00:05]} exd5 {[%emt 0:00:10]} 4. c4 {[%emt 0:00:10]} Nf6 {[%emt 0:00:24]} 5. Nc3 {[%emt 0:00:14]} Bb4 {[%emt 0:00:57]} 6. Bd3 {[%emt 0:01:59]} O-O {[%emt 0:00:57]} 7. Nge2 {[%emt 0:00:13]} dxc4 {[%emt 0:00:33]} 8. Bxc4 {[%emt 0:00:13]} Nbd7 {[%emt 0:01:57] LiveBook: 67 Partien C01: French: Exchange Variation} (8... Nc6 9. a3 Bd6 10. f3 Re8 11. Bg5 h6 12. Bh4 Nxd4 13. Qxd4 Bg3+ 14. Kf1 Qxd4 15. Nxd4 Bxh4 16. g3 {½-½ (59) Rakhmanov,A (2669)-Potkin,V (2574) Sochi 2017}) 9. O-O {[%emt 0:00:36]} Nb6 {[%emt 0:01:03]} 10. Bb3 {[%emt 0:00:26]} Be7 {[%emt 0:10:38]} 11. Ng3 {[%emt 0:07:26]} c6 {[%emt 0:02:10]} 12. Bg5 {[%emt 0:08:01]} h6 {[%emt 0:15:55]} 13. Be3 {[%emt 0:00:49]} Nbd5 {[%emt 0:01:53]} 14. Nxd5 $146 {[%emt 0:00:50]} ({Predecessor:} 14. Bc1 Be6 15. Re1 Bb4 16. Bd2 {½-½ (50) Barcons Gallach,A (1894)-Guerrero Berrio,B (1786) Santa Eulalia de Roncana 2016}) 14... Nxd5 {[%emt 0:00:52]} 15. Qf3 {[%emt 0:01:41]} Be6 {[%emt 0:09:12]} 16. Nf5 {[%emt 0:04:19]} Bg5 {[%emt 0:05:24]} 17. Bxd5 {[%emt 0:16:23]} Bxd5 {[%emt 0:02:29]} 18. Qg3 {[%emt 0:03:58]} Qf6 {[%emt 0:10:56]} 19. f4 {[%emt 0:05:33]} Qxf5 {[%emt 0:00:57]} 20. fxg5 {[%emt 0:00:14]} Qg6 {[%emt 0:00:51]} 21. gxh6 $11 {[%emt 0:01:30]} 1-0

[Event "43rd Guernsey Festival 2017"]
[Site "Vale"]
[Date "2017.10.20"]
[Round "6"]
[White "Baart, Edwin"]
[Black "Foster, Paul"]
[Result "0-1"]
[WhiteElo "1816"]
[BlackElo "1485"]
[Annotator "NA RC"]
[PlyCount "64"]
[EventDate "2017.??.??"]
[EventType "swiss"]
[EventCountry "GCI"]
[SourceTitle "playchess.com"]
[Source "ChessBase"]
[SourceQuality "1"]
[TimeControl "40/6000+30:2400+30"]

{[%evp 8,64,0,-1,7,5,4,10,29,24,30,22,33,28,29,16,59,49,57,10,1,11,14,4,6,-1,0,-9,-8,32767,32767,32767,32767,32767,-23,-50,-19,-12,-8,-77,0,-40,21,-20,14,-55,0,-82,-87,-118,-141,-125,-114,-125,-137,-530,-136,-163,-89]} 1. d4 {[%emt 0:00:00]} Nf6 {[%emt 0:00:09]} 2. Nf3 {[%emt 0:00:00]} e6 {[%emt 0:00:32]} 3. Bg5 {[%emt 0:00:08]} Be7 {[%emt 0:00:55]} 4. e3 {[%emt 0:00:09]} b6 {[%emt 0:01:54]} 5. Be2 {[%emt 0:01:34] A46: 1 d4 Nf6 2 Nf3 e6: Torre, London and Colle Systems} (5. Bd3 Bb7 6. Nbd2 d6 7. Qe2 Nbd7 8. Ba6 Bxa6 9. Qxa6 d5 10. a4 Qc8 11. Qxc8+ Rxc8 12. Ke2 Ne4 13. h4 Nxd2 14. Kxd2 f6 15. Bf4 Kf7 16. h5 c5 17. g4 cxd4 18. exd4 e5 19. Be3 Bd6 20. c3 exd4 {½-½ (20) Gozzoli,Y (2583)-Butkiewicz,L (2447) Roquetas de Mar 2017}) 5... Bb7 {[%emt 0:00:07]} 6. c4 {[%emt 0:01:53]} d6 {[%emt 0:00:19]} 7. Nc3 {[%emt 0:00:32]} Nbd7 {[%emt 0:00:15]} 8. Qc2 {[%emt 0:00:23]} h6 {[%emt 0:01:13]} 9. Bh4 {[%emt 0:00:38]} c6 {[%emt 0:01:44]} 10. O-O {[%emt 0:00:45]} O-O {[%emt 0:00:56]} 11. a3 $146 {[%emt 0:04:23]} ({Predecessor:} 11. e4 e5 12. Rad1 Nh5 13. Bxe7 Qxe7 14. Nxe5 dxe5 15. Bxh5 exd4 16. Rxd4 {1-0 (57) Kiss,G (1857)-Uzonyi,T (1797) Hungary 2012}) 11... a5 {[%emt 0:02:08]} 12. e4 {[%emt 0:05:03]} e5 {[%emt 0:06:09]} 13. dxe5 {[%emt 0:07:07]} dxe5 {[%emt 0:02:54]} 14. Rfd1 {[%emt 0:01:17]} Qc7 {[%emt 0:00:22]} 15. Rd2 {[%emt 0:03:15]} Rfd8 {[%emt 0:01:35]} 16. Rad1 {[%emt 0:00:22]} Nf8 {[%emt 0:02:09]} 17. Rxd8 {[%emt 0:11:20]} Rxd8 {[%emt 0:00:12]} 18. Rxd8 {[%emt 0:00:57]} Bxd8 {[%emt 0:00:13]} 19. Qd3 {[%emt 0:02:18]} Ng6 {[%emt 0:03:08]} 20. Bg3 {[%emt 0:03:05]} Nd7 {[%emt 0:04:27]} 21. b4 {[%emt 0:02:20]} axb4 {[%emt 0:00:12]} 22. axb4 {[%emt 0:00:07]} Bf6 {[%emt 0:00:13]} 23. Nd2 {[%emt 0:01:28]} (23. Bf1 $11) 23... Ndf8 {[%emt 0:02:10]} (23... Nf4 $15 24. Bxf4 exf4) 24. f3 {[%emt 0:06:47]} Bh4 {[%emt 0:03:46]} ({Black should play} 24... Nf4 $15 25. Bxf4 exf4) 25. Nb3 {[%emt 0:07:21]} Ne6 {[%emt 0:03:36]} 26. c5 {[%emt 0:07:30]} ({White should try} 26. Bxh4 $11 Nxh4 27. g3) 26... Be7 {[%emt 0:06:13]} 27. Qe3 {[%emt 0:01:24]} (27. Na4 $1 $11 {remains equal.}) 27... bxc5 {[%emt 0:05:50]} 28. Nxc5 {[%emt 0:00:11]} Nxc5 {[%emt 0:00:24]} 29. bxc5 {[%emt 0:00:08]} Qa5 {[%emt 0:02:26]} 30. Bf2 {[%emt 0:00:32]} Nf4 {[%emt 0:03:27]} 31. Bd1 $2 {[%emt 0:06:41]} (31. Bf1 $17) 31... Qa1 $17 {[%emt 0:08:51]} (31... Bg5 $19 {bietet bessere Gewinnchancen.} 32. Kh1 Nd5) 32. Qd2 {[%emt 0:04:30]} Bc8 {[%emt 0:03:04]} 0-1

[Event "43rd Guernsey Festival 2017"]
[Site "Vale"]
[Date "2017.10.20"]
[Round "6"]
[White "O`Connell, Denis"]
[Black "Turner, Joseph David"]
[Result "1/2-1/2"]
[WhiteElo "1722"]
[BlackElo "1888"]
[Annotator "NA RC"]
[PlyCount "113"]
[EventDate "2017.??.??"]
[EventType "swiss"]
[EventCountry "GCI"]
[SourceTitle "playchess.com"]
[Source "ChessBase"]
[SourceQuality "1"]
[TimeControl "40/6000+30:2400+30"]

{[%evp 8,113,116,68,79,62,98,67,122,25,29,32767,32767,32767,32767,32767,32767,32767,12,-11,5,0,-14,-21,10,-35,-32,-43,-22,-18,252,246,246,254,277,254,422,120,132,84,94,0,61,-22,0,-19,0,-13,-17,-27,0,0,14,-30,0,0,0,-89,-106,-84,-100,-92,-98,-98,-119,-107,-83,-80,32767,32767,32767,32767,32767,32767,32767,32767,-80,-165,0,-18,32767,-126,-164,-189,-192,-186,-200,-188,-200,-256,-271,-229,-202,-245,32767,32767,32767,32767,-29957,-12845,-8,-8,0,-8,-8,-8,-8,-8]} 1. e4 {[%emt 0:00:00]} d6 {[%emt 0:00:06]} 2. d4 {[%emt 0:00:07]} Nf6 {[%emt 0:00:07]} 3. Nc3 {[%emt 0:00:11]} g6 {[%emt 0:00:05]} 4. Be3 {[%emt 0:00:18]} b6 {[%emt 0:02:25] B07: Pirc Defence: Miscellaneous Systems} (4... Bg7 $14) (4... a6 5. f3 b5 6. Qd2 Nbd7 7. O-O-O Nb6 8. g4 h5 9. g5 Nfd7 10. e5 Bg7 11. e6 fxe6 12. Bd3 Nf8 {½-½ (52) Morozevich,A (2676)-Zvjaginsev,V (2643) Sochi 2017}) 5. Qd2 {[%emt 0:00:24]} Bb7 {[%emt 0:00:22]} 6. f3 {[%emt 0:03:19]} Nbd7 {[%emt 0:01:08]} 7. O-O-O {[%emt 0:00:46]} c5 {[%emt 0:00:20]} 8. d5 {[%emt 0:00:52]} ({Better is} 8. g4 $16) 8... a6 {[%emt 0:01:08]} 9. h4 $146 {[%emt 0:01:46]} ({Predecessor:} 9. g4 b5 10. h4 h5 11. g5 Nh7 12. f4 {0-1 (41) Okuyaz,D (1607)-Yu,J Maribor 2012}) 9... h5 {[%emt 0:01:24]} 10. Nh3 {[%emt 0:00:18]} b5 {[%emt 0:04:12]} 11. Ng5 {[%emt 0:00:29]} Qa5 {[%emt 0:02:39]} 12. Kb1 {[%emt 0:00:43]} Ne5 {[%emt 0:01:20]} 13. Ne2 {[%emt 0:01:02]} Qc7 {[%emt 0:03:49]} 14. Nf4 {[%emt 0:00:24]} Bc8 {[%emt 0:01:05]} 15. Be2 {[%emt 0:00:45]} Bd7 {[%emt 0:01:22]} 16. Rhe1 {[%emt 0:00:58]} Bg7 {[%emt 0:03:12]} 17. Nfh3 {[%emt 0:02:17]} a5 {[%emt 0:04:37]} 18. Bf4 {[%emt 0:00:13]} Nc4 $2 {[%emt 0:05:30]} (18... O-O $15 {stays ahead.}) 19. Bxc4 $1 {[%emt 0:01:22]} bxc4 {[%emt 0:00:07]} 20. e5 {[%emt 0:00:33]} dxe5 {[%emt 0:02:38]} 21. Bxe5 {[%emt 0:02:45]} Qb7 $2 {[%emt 0:02:43]} (21... Qb6 22. d6 O-O 23. dxe7 Rfe8) 22. Nf4 $2 {[%emt 0:08:04]} (22. d6 $18 O-O 23. dxe7) 22... O-O {[%emt 0:01:38]} 23. Qe3 {[%emt 0:06:22]} Qb5 {[%emt 0:04:12]} 24. Rh1 {[%emt 0:02:01]} ({White should try} 24. Qc3 $16 Qb4 25. d6) 24... a4 {[%emt 0:00:45]} ({Black should play} 24... Rfb8 $11) 25. Qa3 {[%emt 0:02:25]} Bf5 {[%emt 0:03:22]} 26. Rhe1 {[%emt 0:03:47]} Ra7 {[%emt 0:00:15]} 27. Ne4 {[%emt 0:01:08]} Bxe4 {[%emt 0:04:46]} 28. fxe4 {[%emt 0:01:49]} Qb4 {[%emt 0:01:53]} 29. Qxb4 {[%emt 0:04:17]} cxb4 {[%emt 0:00:19]} 30. d6 {[%emt 0:02:29]} e6 {[%emt 0:04:56]} 31. Rd4 {[%emt 0:03:49]} Rc8 {[%emt 0:02:38]} 32. g3 {[%emt 0:01:43] [#]} (32. Bxf6 $11 Bxf6 33. e5) 32... Nd7 $1 {[%emt 0:01:27]} 33. Bxg7 {[%emt 0:00:21]} Kxg7 {[%emt 0:00:04]} 34. e5 {[%emt 0:00:24]} Ra5 {[%emt 0:00:49]} 35. Rde4 {[%emt 0:01:02]} Rcc5 {[%emt 0:00:28]} 36. b3 {[%emt 0:01:08]} axb3 {[%emt 0:01:39]} ({And not} 36... Nxe5 {[#]} 37. c3 $1 $16 {[%mdl 512]}) 37. axb3 {[%emt 0:00:42]} cxb3 {[%emt 0:09:34]} 38. cxb3 {[%emt 0:01:21]} Rxe5 {[%emt 0:00:50]} 39. Rxe5 {[%emt 0:06:20]} Rxe5 {[%emt 0:02:04]} 40. Rxe5 {[%emt 0:01:42]} Nxe5 {[%emt 0:40:09]} 41. Nd3 {[%emt 0:40:28]} Nd7 {[%emt 0:01:47]} ({Don't blunder} 41... Nxd3 $2 42. d7 $18) 42. Nxb4 {[%emt 0:00:18]} f6 {[%emt 0:00:40]} ({Black should try} 42... Kf6 $17 43. Nd3 e5) 43. Kc2 {[%emt 0:00:36]} Kf7 {[%emt 0:00:08]} 44. Nd3 {[%emt 0:07:14]} (44. Na6 $11) 44... e5 {[%emt 0:00:16]} 45. b4 {[%emt 0:04:58]} Ke6 {[%emt 0:00:23]} 46. Nf2 {[%emt 0:00:54]} Kxd6 {[%emt 0:00:15]} 47. Kd3 {[%emt 0:01:30]} f5 {[%emt 0:01:32]} 48. Nh3 {[%emt 0:00:19]} Kd5 {[%emt 0:01:31]} 49. Ng5 {[%emt 0:02:00]} e4+ {[%emt 0:03:59]} 50. Ke3 {[%emt 0:00:09]} Kc4 {[%emt 0:01:00]} 51. Nxe4 {[%emt 0:00:38]} fxe4 {[%emt 0:00:12]} 52. Kxe4 {[%emt 0:00:03]} Kxb4 {[%emt 0:00:24]} 53. Kf4 {[%emt 0:00:15] [#]} Kc4 $2 {[%emt 0:05:05]} (53... Nf8 $1 $19 54. g4 Ne6+ 55. Ke4 hxg4) 54. g4 $1 hxg4 {[%emt 0:03:25]} 55. Kxg4 {[%emt 0:01:48]} Kd4 {[%emt 0:00:51]} 56. Kg5 Ne5 57. h5 $11 {[%emt 0:03:57]} 1/2-1/2

[Event "43rd Guernsey Festival 2017"]
[Site "Vale"]
[Date "2017.10.20"]
[Round "6"]
[White "Jongerius, Marc"]
[Black "Stanners, Michael J"]
[Result "1/2-1/2"]
[WhiteElo "1588"]
[BlackElo "1761"]
[Annotator "NA RC"]
[PlyCount "44"]
[EventDate "2017.??.??"]
[EventType "swiss"]
[EventCountry "GCI"]
[SourceTitle "playchess.com"]
[Source "ChessBase"]
[SourceQuality "1"]
[TimeControl "40/6000+30:2400+30"]

1. e4 d6 2. d4 Nf6 3. Nc3 c6 4. f4 Qa5 5. Bd3 e5 6. Nf3 Bg4 7. Be3 exf4 8. Bxf4 Qh5 9. e5 dxe5 10. dxe5 Nfd7 11. Ne4 Nxe5 12. Ng3 Nxd3+ 13. Qxd3 Qa5+ 14. Bd2 Qd5 15. Qe3+ Qe6 16. Ne5 Be7 17. Nxg4 Qxg4 18. O-O Qe6 19. Rae1 O-O 20. Qxe6 fxe6 21. Rxe6 Bc5+ 22. Be3 Nd7 1/2-1/2

[Event "43rd Guernsey Festival 2017"]
[Site "Vale"]
[Date "2017.10.21"]
[Round "7"]
[White "Le Roux, Jean-Pierre"]
[Black "Hoogland, Dirk"]
[Result "1-0"]
[WhiteElo "2554"]
[BlackElo "2098"]
[Annotator "TA"]
[PlyCount "84"]
[EventDate "2017.??.??"]
[EventType "swiss"]
[EventCountry "GCI"]
[SourceTitle "playchess.com"]
[Source "ChessBase"]
[SourceQuality "1"]

{[%evp 9,84,26,35,33,33,37,67,40,50,40,56,55,65,65,72,69,87,60,64,63,95,46,59,43,52,20,29,32,51,51,82,80,69,70,66,66,66,68,105,72,126,77,108,113,168,150,162,127,116,95,87,137,163,168,222,207,158,164,237,158,368,273,304,299,292,287,400,393,631,543,699,561,802,795,720,799,752]} 1. d4 Nf6 2. Bg5 c5 3. d5 Ne4 4. Bf4 Qb6 5. Bc1 d6 (5... e6 6. f3 Qa5+ 7. c3 Nf6 8. e4 d6 9. Na3 exd5 10. exd5 Be7 11. Ne2 O-O 12. Ng3 a6 13. Nc4 Qd8 {1-0 (50) Andreikin,D (2705)-Sjugirov,S (2650) Sochi 2017}) 6. f3 {A45: Trompowsky Attack} Nf6 7. e4 g6 8. Na3 {White is slightly better.} Nbd7 9. Nc4 Qc7 10. a4 b6 11. Ne2 Bg7 12. Nc3 a6 13. Be2 O-O 14. O-O {[#]} Rb8 $146 15. Ne3 Qd8 16. Kh1 Ne8 17. f4 Nc7 18. Nc4 Nf6 19. Bf3 Bd7 20. e5 Nfe8 21. Re1 $36 {[%mdl 2048] White has the initiative.} b5 22. axb5 axb5 23. Na5 $1 Qc8 24. Ne4 Rb6 ({Black should play} 24... e6) 25. Ng5 {And now e6! would win.} dxe5 26. fxe5 {Hoping for Be3.} h6 (26... e6 $16 {might work better.}) 27. Ne4 $18 Na6 28. Nc3 Nb4 29. Bf4 Bf5 30. Nc6 Nxc6 31. dxc6 Nc7 (31... Rxc6 {was worth a try.} 32. Bxc6 (32. Nxb5 Rb6 $16) 32... Qxc6) 32. Nd5 Nxd5 33. Qxd5 c4 (33... Bg4 $142) 34. Ra7 e6 $2 {[#]} (34... Ra6 $16 35. Rb7 (35. Rxe7 g5 $16) 35... Bg4) 35. Qc5 Ra6 36. Ra1 Rxa1+ 37. Rxa1 {[%cal Ba7a1,Ba1d1,Bd1d8][%mdl 32]} g5 38. c7 Qd7 $2 (38... gxf4 39. Ra8 Qxa8 40. Bxa8 Rxa8 41. c8=Q+ Rxc8 42. Qxc8+ Bf8) 39. Rd1 {White is clearly winning.} Qc8 40. Bg3 g4 {[#]} 41. Bb7 $1 {[%mdl 512]} Qxb7 42. Rd8 Qa6 {Precision: White = 56%, Black = 41%.} 1-0

[Event "43rd Guernsey Festival 2017"]
[Site "Vale"]
[Date "2017.10.21"]
[Round "7"]
[White "Enkhtuul, Altan-Ulzii"]
[Black "Hillarp Persson, Tiger"]
[Result "1/2-1/2"]
[WhiteElo "2327"]
[BlackElo "2517"]
[Annotator "TA"]
[PlyCount "116"]
[EventDate "2017.??.??"]
[EventType "swiss"]
[EventCountry "GCI"]
[SourceTitle "playchess.com"]
[Source "ChessBase"]
[SourceQuality "1"]

{[%evp 12,116,54,32,57,58,106,100,163,139,165,165,165,115,229,182,181,173,176,183,176,108,99,101,113,81,104,40,53,41,41,50,58,41,73,54,83,81,82,78,76,87,75,78,86,80,75,66,70,67,58,70,53,31,46,12,40,49,76,85,159,145,174,168,180,182,207,201,195,194,189,150,151,143,143,143,112,32,38,18,18,18,18,8,8,8,8,8,8,8,8,8,86,86,277,277,296,301,301,301,273,305,305,305,305,8,8]} 1. Nf3 e6 2. d4 Nf6 3. g3 b5 4. Bg2 Bb7 5. O-O c5 6. Bg5 Qb6 {A46: 1 d4 Nf6 2 Nf3 e6: Torre, London and Colle Systems} (6... Be7 7. dxc5 Bxc5 8. Qd3 a6 9. a4 b4 10. Nbd2 h6 11. Bxf6 Qxf6 12. Nb3 Be7 13. Na5 Bxf3 14. Bxf3 {1-0 (51) Matlakov,M (2714)-Geller,J (2505) Sochi 2017}) 7. c3 {LiveBook: 10 Games} Ne4 8. Be3 f5 $146 {White is slightly better.} ({Predecessor:} 8... c4 9. Nbd2 Nxd2 10. Qxd2 d5 11. Qc2 Nd7 12. Nd2 Be7 13. f3 h5 14. Bf2 h4 15. e4 hxg3 16. hxg3 Qc7 17. e5 g5 18. b3 {½-½ (18) Sorri,K (2286)-Ivanov,S (2354) Finland 2006}) 9. Nbd2 Nf6 (9... Be7 $16 {is a better defense.}) 10. a4 $1 $18 a6 11. Qb3 cxd4 12. Bxd4 Qc6 (12... Bc5 $16 {keeps fighting.}) 13. Ne1 Ne4 14. Nxe4 fxe4 15. f3 Qc4 {[#]} 16. Qxc4 (16. Qd1 $1 $18) 16... bxc4 $16 17. fxe4 Nc6 18. Nc2 a5 19. Na3 (19. Be3 $16) 19... Bxa3 20. Rxa3 Nxd4 21. cxd4 Ba6 22. b3 cxb3 23. Rxb3 Bxe2 24. Re1 Ba6 25. e5 Rc8 26. Rb6 Bd3 27. d5 exd5 28. Bxd5 Ke7 29. e6 {Strongly threatening Rb7.} Rb8 30. exd7+ Kxd7 31. Rbe6 Rb4 32. Bc6+ Kc7 $1 33. Be8 Rf8 34. Re7+ Kb8 35. Rxg7 Rf6 (35... Bc2 $142) 36. Rd1 Rb1 37. Rxb1+ Bxb1 $18 {[%mdl 4096] Endgame KRB-KRB} 38. g4 Rf4 39. Kg2 Bc2 40. Kg3 Re4 {Threatens to win with ...Re3+.} 41. Bc6 Rc4 42. Bb5 Rc3+ 43. Kf4 Rh3 44. Ke5 ({Better is} 44. Bc6 $16) 44... Rxh2 $14 45. Kd6 {With the idea Rg8+.} Rh6+ 46. Kc5 {Threatening g5.} Rg6 $1 {[%cal Rg6g7]} 47. Rxg6 (47. Re7 {seems wilder.} Rxg4 48. Kb6 Rg6+ 49. Bc6 Rxc6+ 50. Kxc6 Bxa4+ 51. Kb6) 47... Bxg6 $11 {KB-KB} 48. Kb6 h6 49. Bc6 ({Don't take} 49. Kxa5 $6 Kb7 $16) 49... Bc2 50. Kxa5 {Hoping for Kb6.} Kc7 51. Bf3 Kd6 (51... Bd3 $11 {keeps the balance.}) 52. Kb5 Bxa4+ $2 (52... Kc7 $16 53. Kb4 Bd3) 53. Kxa4 $16 {KB-KP} Ke5 54. Kb5 Kf6 55. Kc5 h5 56. gxh5 Kg7 {[#]} 57. Kd6 $1 Kh8 58. h6 $2 (58. Be4 $18 Kg8 59. h6) 58... Kh7 {Precision: White = 62%, Black = 43%.} 1/2-1/2

[Event "43rd Guernsey Festival 2017"]
[Site "Vale"]
[Date "2017.10.21"]
[Round "7"]
[White "Jackson, Oliver A"]
[Black "Sedgwick, David"]
[Result "1-0"]
[WhiteElo "2168"]
[BlackElo "1972"]
[Annotator "TA"]
[PlyCount "50"]
[EventDate "2017.??.??"]
[EventType "swiss"]
[EventCountry "GCI"]
[SourceTitle "playchess.com"]
[Source "ChessBase"]
[SourceQuality "1"]

{[%evp 14,50,-40,-41,0,-14,0,0,0,-4,29,14,63,54,330,322,448,449,427,450,404,416,477,482,482,484,564,585,1329,1330,1501,1464,2162,2727,2249,2035,29992,29993,29998]} 1. e4 e6 2. d4 d5 3. Nc3 Nf6 4. e5 Nfd7 5. f4 c5 6. Nf3 Nc6 7. Bd3 cxd4 8. Ne2 {LiveBook: 14 Partien} Qb6 {C11: Französische Verteidigung} (8... Bb4+ 9. Bd2 Qb6 10. Rb1 Nc5 11. O-O Nxd3 12. cxd3 a5 13. Kh1 Bd7 14. a3 Be7 15. Nexd4 Nxd4 16. Be3 {½-½ (28) Varga,Z (2499)-Petr,M (2443) Szeged 2007}) 9. O-O Bc5 $146 ({Vorgänger:} 9... Be7 10. Kh1 g6 11. b3 Nc5 12. Bb2 Bd7 13. Nexd4 Rc8 14. f5 Nxd3 15. cxd3 Nxd4 16. Bxd4 {1-0 (25) Armanda,I (2393)-Bartakovic,T (2108) Sibenik 2011}) 10. a3 a5 {Die Stellung ist ausgeglichen.} 11. Kh1 f6 12. Qe1 fxe5 13. fxe5 Nf8 $2 {[%mdl 8192]} (13... Ndxe5 $14 14. Qg3 O-O) 14. Qg3 $18 g6 15. Bh6 Ne7 16. Ng5 Nf5 17. Bxf5 exf5 18. Nf4 {[%cal Be2f4,Bf4e6,Be6d4][%mdl 32]} Qc6 {[#] Falls Schwarz jetzt zu ...Se6 käme, bestünde noch etwas Hoffnung.} 19. e6 $1 {[%mdl 512]} Be7 (19... Bxe6 20. Bg7) 20. Rae1 Bxe6 21. Nfxe6 Kd7 22. Nxd4 Qb6 {[#]} 23. Rxe7+ $1 Kxe7 24. Qe5+ Ne6 25. Ngxe6 Qd8 {Precision: Weiß = 86%, Schwarz =  7%.} 1-0

[Event "43rd Guernsey Festival 2017"]
[Site "Vale"]
[Date "2017.10.21"]
[Round "7"]
[White "Mack, Wolfgang"]
[Black "Reijneveld, Ad"]
[Result "1-0"]
[WhiteElo "2149"]
[BlackElo "2078"]
[Annotator "NA"]
[PlyCount "72"]
[EventDate "2017.??.??"]
[EventType "swiss"]
[EventCountry "GCI"]
[SourceTitle "playchess.com"]
[Source "ChessBase"]
[SourceQuality "1"]
[TimeControl "40/6000+30:2400+30"]

{[%evp 8,55,7,0,10,-8,8,0,0,0,-1,0,3,-8,5,12,32767,8,32767,8,15,0,12,5,0,0,0,-7,18,0,25,-2,5,-26,5,-254,-243,32767,32767,32767,-251,-299,-293,-322,-331,-394,-320,-423,-494,-425]} 1. g3 {[%emt 0:00:00]} c5 {[%emt 0:00:17]} 2. Bg2 {[%emt 0:00:00]} g6 {[%emt 0:00:13]} 3. e4 {[%emt 0:00:39]} Bg7 {[%emt 0:00:20]} 4. d3 {[%emt 0:00:24]} Nc6 {[%emt 0:00:28]} 5. c3 {[%emt 0:01:07]} d6 {[%emt 0:05:51]} 6. Be3 {[%emt 0:04:20] B20: Sicilian: Unusual White 2nd moves} e6 {[%emt 0:05:04] LiveBook: 5 Games} ({Predecessor:} 6... Rb8 7. Ne2 e6 8. Qd2 b5 9. O-O Nge7 10. Bh6 O-O 11. Bxg7 Kxg7 {1-0 (33) Martin Fuentes,A (2301)-Castejon Caballero,A (2121) Badajoz 2013}) 7. Na3 $146 {[%emt 0:03:53]} (7. f4 Nge7 8. Nf3 O-O 9. O-O b6 10. Nbd2 Bb7 11. Bf2 Qd7 12. Qe2 f5 13. Rad1 Rae8 14. Rfe1 Kh8 15. Nc4 e5 16. fxe5 Nxe5 17. Ncxe5 dxe5 18. exf5 Nxf5 {0-1 (32) Bartel,M (2641)-Riazantsev,A (2692) Dubai 2014}) 7... Nge7 {[%emt 0:03:02]} 8. Qd2 {[%emt 0:01:08]} O-O {[%emt 0:11:37]} 9. Ne2 {[%emt 0:03:10]} Rb8 {[%emt 0:03:06]} 10. Bh6 {[%emt 0:01:59]} b5 {[%emt 0:05:01]} 11. Bxg7 {[%emt 0:17:29]} Kxg7 {[%emt 0:01:56]} 12. O-O {[%emt 0:07:19]} a5 {[%emt 0:07:57]} 13. Nc2 {[%emt 0:01:18]} b4 {[%emt 0:07:43]} 14. Ne3 {[%emt 0:02:32]} Ba6 {[%emt 0:03:03]} 15. Ng4 {[%emt 0:14:41]} Kh8 {[%emt 0:15:28]} 16. f4 {[%emt 0:00:44]} f5 {[%emt 0:02:02]} 17. exf5 {[%emt 0:20:16]} gxf5 {[%emt 0:02:04]} 18. Nf2 {[%emt 0:06:07]} d5 {[%emt 0:06:59]} 19. d4 {[%emt 0:01:15]} bxc3 {[%emt 0:01:34]} 20. bxc3 {[%emt 0:02:08]} Qb6 {[%emt 0:01:17]} 21. dxc5 $2 {[%emt 0:02:23] [#]} (21. Rfe1 $11 {and White has nothing to worry.}) 21... Qb2 $1 {[%emt 0:01:57]} ({Worse is} 21... Qxc5 22. Rfe1 $11) 22. Qxb2 {[%emt 0:01:16]} Rxb2 {[%emt 0:00:06]} 23. Nd4 {[%emt 0:00:07]} Bxf1 {[%emt 0:01:20]} 24. Bxf1 {[%emt 0:00:48]} Nxd4 {[%emt 0:02:16]} 25. cxd4 {[%emt 0:00:04]} Nc6 {[%emt 0:00:11]} 26. a4 {[%emt 0:07:13]} (26. Nd3 {was necessary.} Rd2 27. Ne5 Nxd4 28. a4) 26... Rfb8 {[%emt 0:03:31]} 27. Bb5 {[%emt 0:07:14]} Nxd4 {[%emt 0:00:22]} 28. Nd3 $19 {[%emt 0:00:18]} Rd2 {[%emt 0:03:48]} 29. Rb1 {[%emt 0:03:50]} Nf3+ {[%emt 0:02:46]} 30. Kf1 {[%emt 0:00:32]} Nxh2+ {[%emt 0:00:54]} 31. Kg1 {[%emt 0:00:06]} Nf3+ {[%emt 0:00:04]} 32. Kf1 {[%emt 0:00:04]} Rxd3 {[%emt 0:00:10]} 33. Rc1 {[%emt 0:00:57]} Rb3 {[%emt 0:05:22]} 34. c6 {[%emt 0:00:45]} Nd2+ {[%emt 0:00:15]} 35. Kf2 {[%emt 0:00:15]} Nc4 {[%emt 0:00:21]} 36. Ba6 {[%emt 0:00:21]} Rb2+ {[%emt 0:02:13]} 1-0